• 首页
  • 本馆介绍
  • 公告通知
  • 最新文献
  • 馆藏检索
  • 电子资源
  • 读者导购
  • 参考咨询
  • 我的图书馆
  • 登录
  • 详细信息显示
  • 放入我的书架
  • 预约/预借图书
  • 作者相关作品
  • 分类相关作品
  • 丛书相关作品
  • 出版社相关作品

书目信息

  • 表格格式
  • 工作单格式
  • 卡片格式
题名:
不会被机器替代的人
    
 
作者: 科尔文 著 ;俞婷 译
分册:  
出版信息: 北京   中信出版集团  2017
页数: 254页
开本: 22cm
丛书名:
单 册:
中图分类: F2-39
科图分类:
主题词: 人工智能--ren gong zhi neng--影响--经济管理--研究
电子资源:
ISBN: 978-7-5086-7812-2
000 01180nam0 2200277 450
001 BPC170543725
005 20171123152849.57
010    @a978-7-5086-7812-2@b精装@dCNY49.00
100    @a20171016d2017 em y0chiy50 ea
101 1  @achi@ceng
102    @aCN@b110000
105    @ay z 000yy
200 1  @a不会被机器替代的人@Abu hui bei ji qi ti dai de ren@e智能时代的生存策略@f(美) 杰夫·科尔文著@d= Humans are underrated@ewhat high achievers know that brilliant machines never will@fGeoff Colvin@g俞婷译@zeng
210    @a北京@c中信出版集团@d2017
215    @a254页@d22cm
306    @a本书限中国大陆发行
330    @a本书主要探讨人工智能的发展会对经济管理造成的影响。我们应该发展最根本的人类技能,有效地利用机器,创造更伟大的成就。
500 10 @aHumans are underrated : what high achievers know that brilliant machines never will@mChinese
517 1  @a智能时代的生存策略@Azhi neng shi dai de sheng cun ce lue
606 0  @a人工智能@Aren gong zhi neng@x影响@x经济管理@x研究
690    @aF2-39@v5
701  1 @a科尔文@Ake er wen@g(Colvin, Geoff)@4著
702  0 @a俞婷@Ayu ting@4译
801  0 @aCN@bMUSE@c20181206
905    @aBZT@dF2-39@e2
906    @dCNY49.00@n3@r1
    
    不会被机器替代的人:智能时代的生存策略/(美) 杰夫·科尔文著= Humans are underrated:what high achievers know that brilliant machines never will/Geoff Colvin/俞婷译.-北京:中信出版集团,2017
    254页;22cm
    
    
    ISBN 978-7-5086-7812-2(精装):CNY49.00
    本书主要探讨人工智能的发展会对经济管理造成的影响。我们应该发展最根本的人类技能,有效地利用机器,创造更伟大的成就。
●
相关链接 在五车中查询图书 在当当中查询图书 在豆瓣中查询图书


正题名:不会被机器替代的人     索取号:F2-39/2         预约/预借

序号 登录号 条形码 馆藏地/架位号 状态 备注
1 856918   2000856918   第二书库/ [索取号:F2-39/2] 在馆    
2 856919   2000856919   第二书库/ [索取号:F2-39/2] 在馆    
3 856920   2000856920   第二书库/ [索取号:F2-39/2] 在馆    
山东省滨州职业学院图书馆 欢迎您!
大连网信软件有限公司© 版权所有